000 00524nam a2200193Ia 4500
008 101110s9999 xx 000 0 und d
041 _aENGLISH
082 _bSR10843
_a658
100 _aAtthreya N.H.
245 _aEssence of Modern Management the art of raising
365 _b15
520 _aCommerce
546 _aENGLISH
630 _aEssence of Modern Management the art of raising
650 _aCommerce
655 _aCommerce
730 _aEssence of Modern Management the art of raising
942 _cBOOK
999 _c805732
_d805729